000 00622nam a2200193Ia 4500
005 20250508160413.0
008 008 250505s9999 xx 000 0 eng d
037 _aDissertations
040 _aFEDL
_beng
_cFEDL
041 _aeng
_2eng
084 _a370.71, KAN/DI
_qFEDL
100 _aKant K
_9768413
245 0 _aSurvey of the professional activities of teachers of secondary schools under the control of the directorate of education, Delhi
260 _c1969
300 _a136p.
546 _aM.Ed. Dissertation (Delhi University)
942 _cDIS
_h370.71, KAN/DI
999 _c1364402
_d1364402